Statistiques concernant Football Quiz par lettre - A

Cliquez ici pour prendre le quiz!

Statistiques générales

  • Ce quiz a été pris 7 251 fois
    (6 926 depuis la dernière actualisation)
  • Le résultat moyen est 12 sur 20

Statistiques - réponses

HintRéponse% Correct
"The Gunners" est leur surnomArsenal
94%
Le prénom de WengerArsène
88%
"Passe décisive" en anglaisAssist
80%
Stade du Bayern MunichAllianz Arena
78%
Champion de France 1996AJ Auxerre
77%
Pays organisateur de la Coupe du Monde 1978Argentine
77%
La nationale des Trois LionsAngleterre
76%
Les "Vert" de France en abrégéA.S.S.E
75%
Prénom de Di StefanoAlfredo
73%
Equipe la plus titrée de BelgiqueRSC Anderlecht
72%
Entraîneur du Real Madrid en 2014Carlo Ancelotti
70%
Equipe gagnant la C1 de 1971, 1972 et 1973Ajax Amsterdam
66%
Équipe anglaise basée à BirminghamAston Villa
58%
Surnom des joueurs de l'équipe nationale d'ItalieAzzurri
46%
Equipe écossaise ayant remporté la C2 en 1982Aberdeen FC
43%
L'une des 2 équipes principales de VienneAustria Vienne
42%
L'ancien nom du stade de l'équipe ci-dessusAmsterdam ArenA
29%
Famille dirigeant la Juventus depuis 1923Agnelli
24%
Equipe égyptienne basée au CaireAl Ahly
17%
Joueur hongrois Ballon d'or 1967Florian Albert
15%

Distribution des résultats

Percentile par nombre de réponses

% des personnes avec chaque résultat

Votre développement - résultats

Vous n’avez pas pris ce quiz depuis la dernière actualisation